00999nam a2200217Ia 4500003000900000008004100009020001800050040001600068080002500084100002800109245028500137260007200422300001600494490003900510650002300549650001700572700003100589942000700620999001700627952013700644IN-BaIIA211028s9999 xx 000 0 eng d a0-8194-2901-5 cIIA Library a535(082.1)bSPI-3446 aDoty, F. Patrick924252 0aHard x-ray and gamma-ray detector physics and applicationsbproceedings of SPIE conference on hard x-ray and gamma-ray detector physics and applications, held in San Diego, California, 22-23 July 1998cF. Patrick Doty and Richard B. Hoover  aWashingtonbThe International Society for Optical Engineeringc1998 aviii, 268p. aSPIE proceedings series; vol. 3446 aSpectroscopy91535 aX-Rays91886 aHoover, Richard B.,924253 cBK c13817d13817 00104070aBANbBANcGENd2000-11-22eSPIE g69.00l0o535(082.1)/ SPI-3446p14736r2021-11-05v69.00w2000-11-22yBKGRs. 69.00